Visualizzazione normale
Vista MARC
- MacDermot Galt
di Personal Name
Records bibliografici associati: 1
001 - CONTROL NUMBER
- control field: 4045
003 - CONTROL NUMBER IDENTIFIER
- control field: IT-RoPau
005 - DATE AND TIME OF LATEST TRANSACTION
- control field: 20131127151209.0
008 - FIXED-LENGTH DATA ELEMENTS
- fixed length control field: 131127|| aca||aabn | a|a d
040 ## - CATALOGING SOURCE
- Original cataloging agency: IT-RoPau
- Transcribing agency: IT-RoPau
100 ## - HEADING--PERSONAL NAME
- Personal name: MacDermot Galt
- Miscellaneous information: Codice Autore SPICS: 10994
670 ## - SOURCE DATA FOUND
- Source citation: Work cat.: (IT-RoPau)103623: MacDermot Galt 4041, Hair (2 Lp Bl 03274)